| 000 | 00570nam a22001937a 4500 | ||
|---|---|---|---|
| 003 | 0 | ||
| 005 | 20240420084714.0 | ||
| 008 | 240420b xxu||||| |||| 00| 0 eng d | ||
| 020 | _a978-1-78881-874-2 | ||
| 050 |
_aER _bThi448 2021 |
||
| 082 |
_aER _bThi448 2021 |
||
| 100 | _aTemple, Tilly | ||
| 245 |
_aThis is your world _cTilly Temple and Sean Julian |
||
| 260 |
_aLondon _bLondon Tiger Press, Ltd. _cc2021. |
||
| 300 |
_aunpaged : _bcolored illustrations ; _c28cm. |
||
| 650 | _aEasy Reading Book. | ||
| 650 | _aAnimals--Juvenile Fiction. | ||
| 942 |
_2ddc _cBK |
||
| 999 |
_c365947 _d365947 |
||